Statistics for Flag Superlatives Quiz

Click here to take the quiz!

General Stats

  • This quiz has been taken 24 times
  • The average score is 10 of 11

Answer Stats

Answer% Correct
Denmark
95%
Afghanistan
95%
United States
95%
Nepal
95%
Switzerland
95%
Vatican City
95%
Qatar
89%
Turkmenistan
84%
Belize
79%
Marshall Islands
74%
Dominica
74%

Score Distribution

Percentile by Number Answered

Percent of People with Each Score

Your Score History

You have not taken this quiz